Ο Τζόνι πήρε το όπλο του
Αποθηκεύτηκε σε:
| Κύριος συγγραφέας: | |
|---|---|
| Άλλοι συγγραφείς: | |
| Μορφή: | Βιβλίο |
| Γλώσσα: | Greek English |
| Δημοσίευση: |
Αθήνα :
Σύγχρονη Εποχή,
2002.
|
| Έκδοση: | 6η εκδ. |
| Θέματα: | |
| Ετικέτες: |
Προσθήκη ετικέτας
Δεν υπάρχουν, Καταχωρήστε ετικέτα πρώτοι!
|
MARC
| LEADER | 00000cam a2200000 i 4500 | ||
|---|---|---|---|
| 001 | 1/59376 | ||
| 008 | 040823s2002 gr | ||| |||| ||gre|| | ||
| 020 | |a 9602242248 | ||
| 035 | |l 10074107 | ||
| 040 | |a GR-MyUA |b gre |e AACR2 | ||
| 041 | 1 | |a gre |h eng | |
| 082 | 0 | |a 813 | |
| 100 | 1 | |a Trumbo, Dalton, |d 1905-1976. | |
| 245 | 1 | 2 | |a Ο Τζόνι πήρε το όπλο του / |c Ντάλτον Τράμπο ; μετάφραση Έλλη Φιλοκύπρου. |
| 250 | |a 6η εκδ. | ||
| 260 | |a Αθήνα : |b Σύγχρονη Εποχή, |c 2002. | ||
| 300 | |a 204 σ. ; |c 21 εκ. | ||
| 500 | |a Τίτλος πρωτοτύπου: Johnny got his gun. | ||
| 650 | 0 | 0 | |a American fiction. |
| 650 | 0 | 0 | |a War stories. |
| 700 | 1 | |a Φιλοκύπρου, Έλλη, |e trlf | |
| 852 | |a INST |b SAMOS |e 20040823 |h 813 TRU |p 005300023170 |q 005300023170 |t BK |y 0 | ||
| 901 | |a BIBL3-2004-2 | ||
| 909 | |a Σ |b 107484 | ||
| 922 | |a 3ΕΛΗ |b 200406 |c ΤΜΠΕΣ |d LEADER | ||
| 970 | |a ΜΑΛΑΓΑΡΗ |b ΦΩΤΕΙΝΗ |z 2004/08/23 | ||